000 01166aam a2200337 4500
999 _c46988
_d46988
001 20637
003 CO-MdFUSB
005 20171120101649.0
008 170512s1991 xxu||||f |||| 00| 0 eng d
020 _a90-6831-161-1
040 _aCO-MdFUSB
_bspa
_cCO-MdFUSB
_dCO-MdFUSBC
_erda
041 _aeng
082 _224
_a226.206
_bL226o
100 1 _aLambrecht, Jan
_eautor
245 1 0 _aOut of the treasure
_b: The parables in the gospel of Matthew
_c/ Jan Lambrecht
264 1 _aLouvain, Belgium :
_bPeeters Press,
_c℗[1992]
264 4 _c©1991
300 _a299 páginas
336 _2rdacontent
_atexto
_btxt
337 _2rdamedia
_asin mediación
_bn
338 _2rdacarrier
_avolumen
_bnc
490 _aLouvain Theological & Pastoral Monographs
500 _aTítulo original: Nieuw en oud uit de schat. De parabels van het Matteüsevangelie
501 _aIncluye indices (páginas: 291- 299)
504 _aBibliografía (páginas: 282- 284)
505 0 0 _aUn comentario sobre las parábolas en Mateo
563 _aRústico
630 7 _aBiblia.
_vMateo
_vParabolas
_xCrítica, interpretación, etc.
942 _cBK